| Tag |
First Indicator |
Second Indicator |
Subfields |
| LEADER |
00000cam a22000008a 4500 |
| 001 |
in00000016492 |
| 005 |
20210724063230.0 |
| 008 |
870903c19881987caua b 00110 eng |
| 010 |
|
|
|a 87019241
|
| 020 |
|
|
|a 0520062949 (alk. paper)
|
| 035 |
|
|
|a (OCoLC)16709960
|
| 035 |
|
|
|9 AAA9182AM
|
| 040 |
|
|
|a DLC
|c DLC
|d TXA
|d UtOrBLW
|
| 043 |
|
|
|a f-ly---
|
| 049 |
|
|
|a TXAM
|c [A11069242]
|
| 050 |
0 |
0 |
|a DT223.2.Z87
|b D38 1988
|
| 082 |
0 |
|
|a 320.9612
|2 19
|
| 100 |
1 |
|
|a Davis, John,
|d 1938-
|
| 245 |
1 |
0 |
|a Libyan politics, tribe and revolution :
|b an account of the Zuwaya and their government /
|c John Davis.
|
| 263 |
|
|
|a 8712
|
| 264 |
|
1 |
|a Berkeley :
|b University of California Press,
|c 1988
|
| 264 |
|
4 |
|c ©1987
|
| 300 |
|
|
|a xii, 297 pages :
|b illustrations
|
| 336 |
|
|
|a text
|b txt
|2 rdacontent
|
| 337 |
|
|
|a unmediated
|b n
|2 rdamedia
|
| 338 |
|
|
|a volume
|b nc
|2 rdacarrier
|
| 490 |
1 |
|
|a Comparative studies on Muslim societies ;
|v 2
|
| 504 |
|
|
|a Bibliography: pages 287-291.
|
| 500 |
|
|
|a Includes index.
|
| 650 |
|
0 |
|a Zuwaya (Arab tribe)
|x Politics and government.
|
| 651 |
|
0 |
|a Libya
|x Politics and government
|y 1969-2011.
|
| 650 |
|
0 |
|a Local government
|z Libya.
|
| 830 |
|
0 |
|a Comparative studies on Muslim societies ;
|v 2.
|
| 999 |
|
|
|a MARS
|
| 999 |
f |
f |
|s 6d98b544-d1ad-362d-9074-de947fa13180
|i dac78d76-4e41-3a88-9cf9-8c5ffffe9d92
|t 0
|
| 952 |
f |
f |
|p ric
|a Texas A&M University
|b Rellis Campus
|c Joint Library Facility
|d Remote Storage
|t 0
|e DT223.2.Z87 D38 1988
|h Library of Congress classification
|i unmediated -- volume
|m A14811069242
|
| 998 |
f |
f |
|a DT223.2.Z87 D38 1988
|t 0
|l Remote Storage
|